00621cam a2200217 a 4500001000800000005001700008008004100025010001700066020001500083040001800098041000800116080001100124082001800135100000600153101000800159245004900167906004500216942001200261999001700273952011300290259991820180111071421.0971014s1998 nyua b 001 0 eng  a 97043001  a0806994436 aDLCcDLCdDLC aeng a745.5 00a745.5 MIC2211 a9 aMJE10aDecorating your garden :cby Mickey Baskett. a7bcbucorignewd1eocipf19gy-gencatlg 2ddccBK c40115d40115 00102udc40708PËKGa002b002cPËKGd2018-01-11l0o745.5 MICp002-2995032r2018-01-11w2018-01-11yBK